000 00703nam a2200289Ia 4500
005 20260324125913.0
008 008 260324s9999 xx 000 0 eng d
020 _a9780429239748
037 _aEBOOK
040 _aCRL
040 _beng
040 _cCRL
041 _2eng
041 _aeng
084 _qCRL
100 _aAlain Ferrand; Scott McCarthy
_91179773
245 0 _aMarketing the Sports Organisation
245 0 _bBuilding Networks and Relationships
260 _bTaylor and Francis
260 _c2008
365 _a
365 _b300
856 _uhttp://www.taylorfrancis.com/books/9780429239748
942 _cEBOOK
999 _c1775428
_d1775428